000 00275nam a2200109Ia 4500
008 201216s9999 xx 000 0 und d
100 _aKolb, David A. [et al.]
245 0 _aOrganizational Psychology
260 _aEnglewood Cliffs
_bPrentice Hall
300 _a537
942 _cBK
999 _c6529
_d6529